000 00464 a2200157 4500
020 _a 817515280X
082 _a004
090 _c1531
_d1531
100 _a Jaiswal, S.
245 _aObjective type question bank for BCA, AP Fundamental of information technology
_cS. Jaiswal
260 _a New Delhi:
_bGalgotia Publications Pvt. Ltd.,
_c1999.
300 _a396 p. ;
_c23 cm.
500 _aIncludes Index
650 _aInformation Technology
942 _cBK
_k004 JAI
999 _c5479
_d5479